各市区町村で最も乗降客数が多い駅 - Statistics

General Stats
  • This quiz has been taken 60 times
    34 since last reset
  • The average score is 421 of 1422
Answer Stats
市区町村 Answer % Correct
札幌市北区 札幌
83%
札幌市白石区 | 白石市 白石
74%
森町
70%
旭市
70%
さいたま市 | さいたま市大宮区 大宮
65%
さいたま市浦和区 浦和
65%
川越市 川越
65%
飯能市 飯能
65%
加須市 加須
65%
和光市 和光市
65%
久喜市 久喜
65%
港区 品川
65%
渋谷区 渋谷
65%
中野区 中野
65%
坂町
65%
札幌市手稲区 手稲
61%
沼田市 沼田
61%
渋川市 渋川
61%
さいたま市岩槻区 岩槻
61%
熊谷市 熊谷
61%
川口市 川口
61%
行田市 行田
61%
所沢市 所沢
61%
本庄市 本庄
61%
東松山市 東松山
61%
春日部市 春日部
61%
羽生市 羽生
61%
鴻巣市 鴻巣
61%
深谷市 深谷
61%
上尾市 上尾
61%
草加市 草加
61%
越谷市 南越谷
61%
蕨市
61%
戸田市 戸田公園
61%
新座市 志木
61%
桶川市 桶川
61%
北本市 北本
61%
八潮市 八潮
61%
幸手市 幸手
61%
鶴ヶ島市 鶴ヶ島
61%
吉川市 吉川
61%
千葉市稲毛区 稲毛
61%
銚子市 銚子
61%
柏市
61%
千代田区 東京
61%
新宿区 新宿
61%
文京区 春日
61%
台東区 上野
61%
豊島区 池袋
61%
北区 赤羽
61%
足立区 北千住
61%
橋本市 | 相模原市 | 相模原市緑区 橋本
61%
大和市 大和
61%
三郷町 | 尾張旭市 三郷
61%
津市
61%
札幌市 | 札幌市中央区 大通
57%
函館市 函館
57%
旭川市 旭川
57%
帯広市 帯広
57%
稚内市 稚内
57%
ひたちなか市 勝田
57%
宇都宮市 宇都宮
57%
足利市 足利
57%
栃木市 栃木
57%
佐野市 佐野
57%
鹿沼市 鹿沼
57%
小山市 小山
57%
真岡市 真岡
57%
那須塩原市 那須塩原
57%
那須烏山市 烏山
57%
茂木町 茂木
57%
前橋市 前橋
57%
高崎市 高崎
57%
桐生市 桐生
57%
伊勢崎市 伊勢崎
57%
太田市 太田
57%
館林市 館林
57%
安中市 安中
57%
下仁田町 下仁田
57%
中之条町 中之条
57%
長野原町 長野原草津口
57%
さいたま市南区 南浦和
57%
秩父市 西武秩父
57%
狭山市 狭山市
57%
入間市 入間市
57%
朝霞市 朝霞台
57%
三郷市 三郷中央
57%
蓮田市 蓮田
57%
白岡市 白岡
57%
越生町 越生
57%
小川町 小川町
57%
横瀬町 横瀬
57%
寄居町 寄居
57%
千葉市 | 千葉市中央区 千葉
57%
館山市 館山
57%
流山市 流山おおたかの森
57%
我孫子市 我孫子
57%
品川区 目黒
57%
大田区 蒲田
57%
調布市 調布
57%
長野市 長野
57%
富士市 富士
57%
東浦町 東浦
57%
札幌市厚別区 新さっぽろ
52%
小樽市 小樽
52%
室蘭市 東室蘭
52%
釧路市 釧路
52%
北見市 北見
52%
夕張市 新夕張
52%
岩見沢市 岩見沢
52%
網走市 網走
52%
苫小牧市 苫小牧
52%
美唄市 美唄
52%
芦別市 芦別
52%
赤平市 赤平
52%
士別市 士別
52%
名寄市 名寄
52%
根室市 根室
52%
千歳市 新千歳空港
52%
滝川市 滝川
52%
砂川市 砂川
52%
深川市 深川
52%
富良野市 富良野
52%
恵庭市 恵庭
52%
北広島市 北広島
52%
北斗市 新函館北斗
52%
当別町 当別
52%
木古内町 木古内
52%
七飯町 七飯
52%
八雲町 八雲
52%
長万部町 長万部
52%
ニセコ町 ニセコ
52%
倶知安町 倶知安
52%
余市町 余市
52%
由仁町 由仁
52%
秩父別町 秩父別
52%
比布町 比布
52%
上川町 上川
52%
美瑛町 美瑛
52%
池田市 | 池田町 池田
52%
青森市 青森
52%
弘前市 弘前
52%
八戸市 八戸
52%
むつ市 下北
52%
七戸町 七戸十和田
52%
盛岡市 盛岡
52%
宮古市 宮古
52%
大船渡市
52%
花巻市 花巻
52%
北上市 北上
52%
久慈市 久慈
52%
遠野市 遠野
52%
一関市 一ノ関
52%
釜石市 釜石
52%
二戸市 二戸
52%
奥州市 水沢
52%
雫石町 雫石
52%
矢巾町 矢幅
52%
大阪市福島区 | 福島市 福島
52%
会津若松市 会津若松
52%
郡山市 郡山
52%
白河市 白河
52%
伊達市 伊達
52%
西郷村 新白河
52%
古河市 古河
52%
笠間市 友部
52%
取手市 取手
52%
牛久市 牛久
52%
つくば市 つくば
52%
潮来市 潮来
52%
守谷市 守谷
52%
常陸大宮市 常陸大宮
52%
大洗町 大洗
52%
東海村 東海
52%
矢板市 矢板
52%
野木町 野木
52%
藤岡市 群馬藤岡
52%
富岡市 上州富岡
52%
富士見市 ふじみ野
52%
日高市 高麗川
52%
長瀞町 長瀞
52%
千葉市美浜区 海浜幕張
52%
船橋市 西船橋
52%
木更津市 木更津
52%
松戸市 松戸
52%
茂原市 茂原
52%
成田市 成田空港
52%
東金市 東金
52%
習志野市 津田沼
52%
勝浦市 勝浦
52%
君津市 君津
52%
四街道市 四街道
52%
八街市 八街
52%
香取市 佐原
52%
大網白里市 大網
52%
横芝光町 横芝
52%
御宿町 御宿
52%
杉並区 荻窪
52%
八王子市 八王子
52%
立川市 立川
52%
町田市 町田
52%
国分寺市 国分寺
52%
福生市 福生
52%
狛江市 狛江
52%
稲城市 稲城
52%
横浜市 | 横浜市西区 横浜
52%
大磯町 大磯
52%
二宮町 二宮
52%
滑川市 滑川
52%
霧島市 国分
52%
伊達市 伊達紋別
48%
蘭越町 蘭越
48%
奈井江町 奈井江
48%
栗山町 栗山
48%
妹背牛町 妹背牛
48%
沼田町 石狩沼田
48%
愛別町 愛別
48%
和寒町 和寒
48%
剣淵町 剣淵
48%
音威子府村 音威子府
48%
豊富町 豊富
48%
幌延町 幌延
48%
美幌町 美幌
48%
白老町 白老
48%
新得町 新得
48%
厚岸町 厚岸
48%
標茶町 標茶
48%
白糠町 白糠
48%
黒石市 黒石
48%
五所川原市 五所川原
48%
三沢市 三沢
48%
深浦町 深浦
48%
野辺地町 野辺地
48%
横浜町 陸奥横浜
48%
南部町 三戸
48%
滝沢市 滝沢
48%
仙台市 | 仙台市青葉区 仙台
48%
石巻市 石巻
48%
塩竈市 本塩釜
48%
気仙沼市 気仙沼
48%
多賀城市 多賀城
48%
大崎市 古川
48%
大河原町 大河原
48%
利府町 利府
48%
女川町 女川
48%
秋田市 秋田
48%
能代市 東能代
48%
鹿角市 鹿角花輪
48%
由利本荘市 羽後本荘
48%
にかほ市 仁賀保
48%
八郎潟町 八郎潟
48%
山形市 山形
48%
米沢市 米沢
48%
鶴岡市 鶴岡
48%
酒田市 酒田
48%
新庄市 新庄
48%
天童市 天童
48%
東根市 さくらんぼ東根
48%
南陽市 赤湯
48%
大石田町 大石田
48%
最上町 最上
48%
遊佐町 遊佐
48%
いわき市 いわき
48%
須賀川市 須賀川
48%
喜多方市 喜多方
48%
相馬市 相馬
48%
二本松市 二本松
48%
南相馬市 原ノ町
48%
本宮市 本宮
48%
只見町 只見
48%
猪苗代町 猪苗代
48%
会津坂下町 会津坂下
48%
泉崎村 泉崎
48%
矢吹町 矢吹
48%
富岡町 富岡
48%
大熊町 大野
48%
双葉町 双葉
48%
浪江町 浪江
48%
新地町 新地
48%
水戸市 水戸
48%
日立市 日立
48%
土浦市 土浦
48%
石岡市 石岡
48%
結城市 結城
48%
龍ケ崎市 龍ケ崎市
48%
常陸太田市 常陸太田
48%
高萩市 高萩
48%
鹿嶋市 鹿島神宮
48%
つくばみらい市 みらい平
48%
日光市 東武日光
48%
さくら市 氏家
48%
嬬恋村 万座・鹿沢口
48%
板倉町 板倉東洋大前
48%
ふじみ野市 上福岡
48%
宮代町 東武動物公園
48%
市川市 本八幡
48%
市原市 五井
48%
鎌ケ谷市 新鎌ヶ谷
48%
浦安市 舞浜
48%
匝瑳市 八日市場
48%
山武市 成東
48%
いすみ市 大原
48%
芝山町 芝山千代田
48%
一宮町 上総一ノ宮
48%
武蔵野市 吉祥寺
48%
三鷹市 三鷹
48%
小金井市 武蔵小金井
48%
国立市 国立
48%
横浜市鶴見区 鶴見
48%
横浜市保土ケ谷区 保土ケ谷
48%
川崎市 | 川崎市中原区 武蔵小杉
48%
川崎市川崎区 川崎
48%
平塚市 平塚
48%
鎌倉市 大船
48%
藤沢市 藤沢
48%
小田原市 小田原
48%
茅ヶ崎市 茅ヶ崎
48%
逗子市 逗子
48%
三浦市 三崎口
48%
秦野市 秦野
48%
厚木市 本厚木
48%
伊勢原市 伊勢原
48%
寒川町 寒川
48%
長岡市 長岡
48%
柏崎市 柏崎
48%
上越市 上越妙高
48%
富山市 富山
48%
高岡市 高岡
48%
魚津市 魚津
48%
黒部市 黒部
48%
金沢市 金沢
48%
富士見町 富士見
48%
名古屋市 | 名古屋市中村区 名古屋
48%
府中市 府中
48%
鹿部町 鹿部
43%
黒松内町 黒松内
43%
仁木町 仁木
43%
当麻町 当麻
43%
占冠村 トマム
43%
美深町 美深
43%
中川町 天塩中川
43%
遠軽町 遠軽
43%
大空町 女満別
43%
豊浦町 豊浦
43%
洞爺湖町 洞爺
43%
むかわ町 鵡川
43%
清水町 十勝清水
43%
芽室町 芽室
43%
浦幌町 浦幌
43%
大鰐町 大鰐温泉
43%
板柳町 板柳
43%
階上町 階上
43%
岩手町 いわて沼宮内
43%
紫波町 紫波中央
43%
金ケ崎町 金ケ崎
43%
普代村 普代
43%
仙台市泉区 泉中央
43%
名取市 名取
43%
角田市 角田
43%
岩沼市 岩沼
43%
東松島市 矢本
43%
丸森町 丸森
43%
亘理町 亘理
43%
松島町 松島海岸
43%
横手市 横手
43%
大館市 大館
43%
湯沢市 湯沢
43%
大仙市 大曲
43%
北秋田市 鷹ノ巣
43%
井川町 井川さくら
43%
寒河江市 寒河江
43%
上山市 かみのやま温泉
43%
村山市 村山
43%
高畠町 高畠
43%
小国町 小国
43%
桑折町 桑折
43%
鏡石町 鏡石
43%
塙町 磐城塙
43%
広野町 広野
43%
下妻市 下妻
43%
常総市 水海道
43%
筑西市 下館
43%
鉾田市 新鉾田
43%
大泉町 西小泉
43%
さいたま市北区 宮原
43%
さいたま市緑区 東浦和
43%
嵐山町 武蔵嵐山
43%
皆野町 皆野
43%
鴨川市 安房鴨川
43%
酒々井町 酒々井
43%
大多喜町 大多喜
43%
昭島市 拝島
43%
多摩市 京王多摩センター
43%
横浜市中区 桜木町
43%
横浜市金沢区 金沢八景
43%
横浜市港北区 新横浜
43%
横須賀市 横須賀中央
43%
海老名市 海老名
43%
松田町 新松田
43%
開成町 開成
43%
箱根町 箱根湯本
43%
真鶴町 真鶴
43%
湯河原町 湯河原
43%
新潟市秋葉区 新津
43%
三条市 燕三条
43%
糸魚川市 糸魚川
43%
五泉市 五泉
43%
魚沼市 小出
43%
弥彦村 弥彦
43%
湯沢町 越後湯沢
43%
刈羽村 刈羽
43%
氷見市 氷見
43%
七尾市 七尾
43%
福井市 福井
43%
諏訪市 上諏訪
43%
茅野市 茅野
43%
下諏訪町 下諏訪
43%
木曽町 木曽福島
43%
岐阜市 岐阜
43%
高山市 高山
43%
中津川市 中津川
43%
恵那市 恵那
43%
浜松市 | 浜松市中央区 浜松
43%
三島市 三島
43%
名古屋市千種区 千種
43%
豊橋市 豊橋
43%
一宮市 尾張一宮
43%
日野町 日野
43%
大阪市 | 大阪市北区 大阪
43%
中津市 中津
43%
札幌市西区 琴似
39%
上富良野町 上富良野
39%
中富良野町 中富良野
39%
斜里町 知床斜里
39%
弟子屈町 摩周
39%
今別町 奥津軽いまべつ
39%
鰺ヶ沢町 鰺ケ沢
39%
西和賀町 ほっとゆだ
39%
平泉町 平泉
39%
大槌町 大槌
39%
田野畑村 田野畑
39%
栗原市 くりこま高原
39%
涌谷町 涌谷
39%
仙北市 角館
39%
真室川町 真室川
39%
棚倉町 磐城棚倉
39%
石川町 磐城石川
39%
三春町 三春
39%
大子町 常陸大子
39%
下野市 石橋
39%
高根沢町 宝積寺
39%
さいたま市西区 西大宮
39%
さいたま市中央区 南与野
39%
伊奈町 内宿
39%
滑川町 森林公園
39%
杉戸町 杉戸高野台
39%
千葉市若葉区 都賀
39%
白井市 白井
39%
墨田区 押上
39%
清瀬市 清瀬
39%
東久留米市 東久留米
39%
奥多摩町 奥多摩
39%
横浜市神奈川区 東神奈川
39%
横浜市磯子区 新杉田
39%
横浜市戸塚区 戸塚
39%
横浜市港南区 上大岡
39%
横浜市旭区 二俣川
39%
横浜市青葉区 あざみ野
39%
横浜市都筑区 センター南
39%
川崎市高津区 溝の口
39%
新潟市 | 新潟市中央区 新潟
39%
新発田市 新発田
39%
小千谷市 小千谷
39%
加茂市 加茂
39%
十日町市 十日町
39%
見附市 見附
39%
村上市 村上
39%
燕市 吉田
39%
南魚沼市 六日町
39%
砺波市 砺波
39%
舟橋村 越中舟橋
39%
上市町 上市
39%
入善町 入善
39%
小松市 小松
39%
加賀市 加賀温泉
39%
羽咋市 羽咋
39%
能美市 能美根上
39%
津幡町 津幡
39%
穴水町 穴水
39%
敦賀市 敦賀
39%
小浜市 小浜
39%
大野市 越前大野
39%
勝山市 勝山
39%
鯖江市 鯖江
39%
あわら市 芦原温泉
39%
美浜町 美浜
39%
甲府市 甲府
39%
富士吉田市 富士山
39%
都留市 都留文科大学前
39%
山梨市 山梨市
39%
大月市 大月
39%
韮崎市 韮崎
39%
北杜市 小淵沢
39%
上野原市 上野原
39%
甲州市 塩山
39%
身延町 身延
39%
富士河口湖町 河口湖
39%
松本市 松本
39%
上田市 上田
39%
岡谷市 岡谷
39%
飯田市 飯田
39%
須坂市 須坂
39%
小諸市 小諸
39%
伊那市 伊那市
39%
中野市 信州中野
39%
大町市 信濃大町
39%
飯山市 飯山
39%
塩尻市 塩尻
39%
小海町 小海
39%
軽井沢町 軽井沢
39%
御代田町 御代田
39%
上松町 上松
39%
南木曽町 南木曽
39%
白馬村 白馬
39%
小谷村 南小谷
39%
坂城町 坂城
39%
小布施町 小布施
39%
大垣市 大垣
39%
多治見市 多治見
39%
瑞浪市 瑞浪
39%
羽島市 岐阜羽島
39%
美濃加茂市 美濃太田
39%
土岐市 土岐市
39%
可児市 新可児
39%
飛騨市 飛驒古川
39%
郡上市 郡上八幡
39%
下呂市 下呂
39%
岐南町 岐南
39%
笠松町 笠松
39%
垂井町 垂井
39%
関ケ原町 関ケ原
39%
坂祝町 坂祝
39%
静岡市 | 静岡市葵区 静岡
39%
沼津市 沼津
39%
熱海市 熱海
39%
富士宮市 富士宮
39%
伊東市 伊東
39%
島田市 島田
39%
磐田市 磐田
39%
焼津市 焼津
39%
掛川市 掛川
39%
藤枝市 藤枝
39%
御殿場市 御殿場
39%
袋井市 袋井
39%
下田市 伊豆急下田
39%
裾野市 裾野
39%
伊豆市 修善寺
39%
菊川市 菊川
39%
函南町 函南
39%
岡崎市 岡崎
39%
刈谷市 刈谷
39%
豊田市 豊田市
39%
西尾市 西尾
39%
蒲郡市 蒲郡
39%
犬山市 犬山
39%
大府市 大府
39%
岩倉市 岩倉
39%
岡山市 | 岡山市北区 岡山
39%
田野町 田野
39%
清里町 清里町
35%
安平町 追分
35%
豊頃町 豊頃
35%
蓬田村 蓬田
35%
外ヶ浜町 蟹田
35%
一戸町 一戸
35%
仙台市太白区 長町
35%
美里町 小牛田
35%
大江町 左沢
35%
舟形町 舟形
35%
庄内町 余目
35%
柳津町 会津柳津
35%
小野町 小野新町
35%
北茨城市 磯原
35%
大田原市 野崎
35%
さいたま市桜区 西浦和
35%
志木市 柳瀬川
35%
上里町 神保原
35%
八千代市 勝田台
35%
印西市 千葉ニュータウン中央
35%
神崎町 下総神崎
35%
目黒区 中目黒
35%
世田谷区 三軒茶屋
35%
青梅市 河辺
35%
府中市 分倍河原
35%
東大和市 東大和市
35%
あきる野市 秋川
35%
瑞穂町 箱根ヶ崎
35%
横浜市緑区 長津田
35%
川崎市麻生区 新百合ヶ丘
35%
南足柄市 大雄山
35%
新潟市北区 豊栄
35%
妙高市 新井
35%
出雲崎町 出雲崎
35%
津南町 津南
35%
小矢部市 石動
35%
朝日町
35%
白山市 松任
35%
野々市市 野々市
35%
内灘町 内灘
35%
越前市 武生
35%
甲斐市 竜王
35%
笛吹市 石和温泉
35%
佐久市 佐久平
35%
御嵩町 御嵩
35%
河津町 河津
35%
名古屋市東区 大曽根
35%
名古屋市中区 金山
35%
津島市 津島
35%
常滑市 中部国際空港
35%
江南市 江南
35%
小牧市 小牧
35%
新城市 新城
35%
知立市 知立
35%
京都市 | 京都市下京区 京都
35%
大阪市天王寺区 天王寺
35%
神戸市 | 神戸市中央区 三ノ宮
35%
宝塚市 宝塚
35%
玉野市 宇野
35%
厚真町 浜厚真
30%
平川市 平賀
30%
山田町 陸中山田
30%
柴田町 槻木
30%
長井市 今泉
30%
下郷町 会津下郷
30%
磐梯町 磐梯町
30%
金山町 会津川口
30%
那珂市 上菅谷
30%
芳賀町 芳賀・高根沢工業団地
30%
壬生町 おもちゃのまち
30%
みなかみ町 後閑
30%
佐倉市 ユーカリが丘
30%
江東区 新木場
30%
江戸川区 小岩
30%
川崎市多摩区 登戸
30%
射水市 小杉
30%
高浜町 若狭高浜
30%
安曇野市 穂高
30%
麻績村 聖高原
30%
美濃市 美濃市
30%
各務原市 新鵜沼
30%
瑞穂市 穂積
30%
揖斐川町 揖斐
30%
白川町 白川口
30%
静岡市清水区 草薙
30%
瀬戸市 新瀬戸
30%
半田市 知多半田
30%
安城市 新安城
30%
弥富市 近鉄弥富
30%
四日市市 近鉄四日市
30%
守山市 守山
30%
高島市 近江今津
30%
京都市山科区 山科
30%
川西市 川西能勢口
30%
橿原市 大和八木
30%
みなべ町 南部
30%
琴浦町 浦安
30%
呉市
30%
三原市 三原
30%
福岡市 | 福岡市博多区 博多
30%
小竹町 小竹
30%
札幌市南区 真駒内
26%
登別市 幌別
26%
小清水町 浜小清水
26%
つがる市 木造
26%
田舎館村 川部
26%
鶴田町 陸奥鶴田
26%
仙台市宮城野区 小鶴新田
26%
山元町 山下
26%
潟上市 大久保
26%
三種町 森岳
26%
白鷹町 荒砥
26%
田村市 船引
26%
国見町 藤田
26%
小美玉市 羽鳥
26%
みどり市 岩宿
26%
さいたま市見沼区 東大宮
26%
坂戸市 若葉
26%
神川町 丹荘
26%
荒川区 日暮里
26%
練馬区 小竹向原
26%
葛飾区 京成高砂
26%
西東京市 ひばりヶ丘
26%
川崎市幸区 新川崎
26%
相模原市中央区 淵野辺
26%
相模原市南区 相模大野
26%
新潟市江南区 亀田
26%
胎内市 中条
26%
宝達志水町 宝達
26%
市川三郷町 市川大門
26%
山ノ内町 湯田中
26%
浜松市天竜区 西鹿島
26%
湖西市 新所原
26%
伊豆の国市 伊豆長岡
26%
名古屋市熱田区 神宮前
26%
名古屋市中川区 高畑
26%
東海市 太田川
26%
高浜市 三河高浜
26%
豊明市 前後
26%
日進市 赤池
26%
田原市 三河田原
26%
松阪市 松阪
26%
桑名市 桑名
26%
名張市 名張
26%
尾鷲市 尾鷲
26%
亀山市 亀山
26%
鳥羽市 鳥羽
26%
熊野市 熊野
26%
伊賀市 伊賀神戸
26%
長浜市 長浜
26%
亀岡市 亀岡
26%
長岡京市 長岡京
26%
八幡市 石清水八幡宮
26%
南丹市 園部
26%
大山崎町 山崎
26%
大阪市此花区 西九条
26%
大阪市住吉区 長居
26%
大阪市淀川区 新大阪
26%
大阪市中央区 難波
26%
高槻市 高槻
26%
福岡市東区 | 貝塚市 貝塚
26%
枚方市 枚方市
26%
茨木市 茨木
26%
泉佐野市 泉佐野
26%
寝屋川市 寝屋川市
26%
東大阪市 布施
26%
神戸市垂水区 垂水
26%
尼崎市 尼崎
26%
明石市 明石
26%
伊丹市 伊丹
26%
赤穂市 播州赤穂
26%
三田市 三田
26%
上郡町 上郡
26%
桜井市 桜井
26%
生駒市 生駒
26%
平群町 平群
26%
田原本町 田原本
26%
王寺町 王寺
26%
和歌山市 和歌山
26%
新宮市 新宮
26%
岩出市 岩出
26%
倉吉市 倉吉
26%
益田市 益田
26%
倉敷市 倉敷
26%
高梁市 備中高梁
26%
新見市 新見
26%
広島市 | 広島市南区 広島
26%
尾道市 尾道
26%
三次市 三次
26%
海田町 海田市
26%
光市
26%
徳島市 徳島
26%
鳴門市 鳴門
26%
板野町 板野
26%
高松市 高松
26%
北九州市 | 北九州市小倉北区 小倉
26%
北九州市八幡東区 八幡
26%
高森町 高森
26%
中泊町 津軽中里
22%
八幡平市 大更
22%
岩泉町 岩泉小本
22%
登米市 石越
22%
尾花沢市 芦沢
22%
山辺町 羽前山辺
22%
南会津町 会津高原尾瀬口
22%
楢葉町 竜田
22%
桜川市 岩瀬
22%
那須町 黒田原
22%
千葉市花見川区 幕張本郷
22%
千葉市緑区 鎌取
22%
栄町 安食
22%
中央区 日本橋
22%
日野市 高幡不動
22%
川崎市宮前区 鷺沼
22%
座間市 相武台前
22%
山北町 東山北
22%
新潟市西区 新潟大学前
22%
阿賀野市 水原
22%
阿賀町 津川
22%
立山町 五百石
22%
南越前町 南条
22%
千曲市 屋代
22%
川上村 信濃川上
22%
東広島市 | 筑北村 西条
22%
飯綱町 牟礼
22%
名古屋市西区 上小田井
22%
名古屋市名東区 藤が丘
22%
春日井市 高蔵寺
22%
豊川市 国府
22%
稲沢市 国府宮
22%
清須市 枇杷島
22%
蟹江町 近鉄蟹江
22%
阿久比町 阿久比
22%
南知多町 内海
22%
武豊町 知多武豊
22%
幸田町 幸田
22%
伊勢市 伊勢市
22%
志摩市 鵜方
22%
多気町 多気
22%
紀北町 紀伊長島
22%
彦根市 彦根
22%
近江八幡市 近江八幡
22%
草津市 草津
22%
栗東市 栗東
22%
野洲市 野洲
22%
米原市 米原
22%
多賀町 多賀大社前
22%
京都市西京区
22%
福知山市 福知山
22%
舞鶴市 西舞鶴
22%
綾部市 綾部
22%
宇治市 六地蔵
22%
宮津市 宮津
22%
向日市 向日町
22%
京田辺市 新田辺
22%
木津川市 木津
22%
笠置町 笠置
22%
与謝野町 与謝野
22%
大阪市都島区 京橋
22%
大阪市港区 弁天町
22%
大阪市大正区 大正
22%
大阪市住之江区 住之江公園
22%
泉大津市 泉大津
22%
河内長野市 河内長野
22%
松原市 河内松原
22%
和泉市 和泉中央
22%
丹波市 | 柏原市 柏原
22%
島本町 島本
22%
田尻町 関西空港
22%
神戸市兵庫区 兵庫
22%
神戸市長田区 新長田
22%
姫路市 姫路
22%
西宮市 西宮北口
22%
芦屋市 芦屋
22%
相生市 相生
22%
豊岡市 豊岡
22%
佐用町 佐用
22%
奈良市 近鉄奈良
22%
大和高田市 大和高田
22%
大和郡山市 近鉄郡山
22%
天理市 天理
22%
五條市 五条
22%
斑鳩町 法隆寺
22%
吉野町 吉野
22%
海南市 海南
22%
御坊市 御坊
22%
田辺市 紀伊田辺
22%
九度山町 九度山
22%
湯浅町 湯浅
22%
広川町 広川ビーチ
22%
白浜町 白浜
22%
すさみ町 周参見
22%
那智勝浦町 紀伊勝浦
22%
太地町 太地
22%
串本町 串本
22%
鳥取市 鳥取
22%
米子市 米子
22%
境港市 境港
22%
若桜町 若桜
22%
智頭町 智頭
22%
松江市 松江
22%
浜田市 浜田
22%
大田市 大田市
22%
安来市 安来
22%
江津市 江津
22%
雲南市 木次
22%
津和野町 津和野
22%
津山市 津山
22%
笠岡市 笠岡
22%
総社市 総社
22%
大町町 | 広島市安佐南区 大町
22%
竹原市 竹原
22%
福山市 福山
22%
庄原市 備後庄原
22%
大竹市 大竹
22%
下関市 下関
22%
宇部市 宇部
22%
山口市 新山口
22%
防府市 防府
22%
下松市 下松
22%
岩国市 岩国
22%
長門市 長門市
22%
柳井市 柳井
22%
美祢市 美祢
22%
周南市 徳山
22%
山陽小野田市 厚狭
22%
和木町 和木
22%
田布施町 田布施
22%
阿南市 阿南
22%
三好市 阿波池田
22%
牟岐町 牟岐
22%
海陽町 阿波海南
22%
丸亀市 丸亀
22%
善通寺市 善通寺
22%
観音寺市 観音寺
22%
宇多津町 宇多津
22%
多度津町 多度津
22%
松山市 松山市
22%
福岡市西区 姪浜
22%
大牟田市 大牟田
22%
江別市 大麻
17%
幕別町 札内
17%
浜中町 茶内
17%
東北町 上北町
17%
おいらせ町 下田
17%
三戸町 目時
17%
野田村 陸中野田
17%
洋野町 種市
17%
浅川町 磐城浅川
17%
市貝町 市塙
17%
東吾妻町 群馬原町
17%
明和町 川俣
17%
板橋区 東武練馬
17%
東村山市 秋津
17%
羽村市 小作
17%
横浜市瀬谷区 三ツ境
17%
かほく市 宇野気
17%
おおい町 若狭本郷
17%
東御市 田中
17%
箕輪町 伊那松島
17%
宮田村 宮田
17%
信濃町 黒姫
17%
富加町 富加
17%
静岡市駿河区 安倍川
17%
浜松市浜名区 浜北
17%
碧南市 碧南中央
17%
長久手市 長久手古戦場
17%
菰野町 菰野
17%
朝日町 伊勢朝日
17%
紀宝町 鵜殿
17%
大津市 石山
17%
京都市中京区 烏丸御池
17%
京都市伏見区 竹田
17%
精華町 新祝園
17%
南山城村 月ケ瀬口
17%
大阪市浪速区 新今宮
17%
堺市 | 堺市北区 中百舌鳥
17%
吹田市 江坂
17%
守口市 大日
17%
八尾市 近鉄八尾
17%
箕面市 箕面萱野
17%
羽曳野市 古市
17%
門真市 門真市
17%
藤井寺市 藤井寺
17%
熊取町 熊取
17%
神戸市東灘区 住吉
17%
加古川市 加古川
17%
加西市 北条町
17%
丹波篠山市 篠山口
17%
猪名川町 日生中央
17%
福崎町 福崎
17%
新温泉町 浜坂
17%
御所市 近鉄御所
17%
宇陀市 榛原
17%
明日香村 飛鳥
17%
有田市 箕島
17%
紀の川市 粉河
17%
高野町 極楽橋
17%
印南町 印南
17%
上富田町 朝来
17%
岩美町 岩美
17%
八頭町 郡家
17%
出雲市 出雲市
17%
奥出雲町 出雲横田
17%
岡山市東区 西大寺
17%
井原市 井原
17%
和気町 和気
17%
里庄町 里庄
17%
廿日市市 宮島口
17%
萩市 東萩
17%
小松島市 南小松島
17%
坂出市 坂出
17%
琴平町 琴平
17%
今治市 今治
17%
宇和島市 宇和島
17%
八幡浜市 八幡浜
17%
新居浜市 新居浜
17%
西条市 伊予西条
17%
大洲市 伊予大洲
17%
安芸市 安芸
17%
北九州市門司区 門司
17%
北九州市八幡西区 折尾
17%
福岡市中央区 西鉄福岡(天神)
17%
福岡市早良区 西新
17%
久留米市 西鉄久留米
17%
直方市 直方
17%
行橋市 行橋
17%
中間市 中間
17%
筑紫野市 西鉄二日市
17%
大野城市 大野城
17%
古賀市 古賀
17%
福津市 福間
17%
桂川町 桂川
17%
諫早市 諫早
17%
大村市 大村
17%
佐々町 佐々
17%
熊本市 | 熊本市西区 熊本
17%
八代市 新八代
17%
大分市 大分
17%
佐伯市 佐伯
17%
竹田市 豊後竹田
17%
宮崎市 宮崎
17%
薩摩川内市 川内
17%
共和町 小沢
13%
藤崎町 北常盤
13%
鮭川村 羽前豊里
13%
矢祭町 東館
13%
邑楽町 本中野
13%
ときがわ町 明覚
13%
美里町 松久
13%
富津市 青堀
13%
袖ケ浦市 長浦
13%
長生村 八積
13%
小平市 花小金井
13%
横浜市栄区 本郷台
13%
横浜市泉区 緑園都市
13%
新潟市西蒲区
13%
田上町 羽生田
13%
坂井市 春江
13%
中央市 東花輪
13%
南部町 内船
13%
松川村 信濃松川
13%
栄村 森宮野原
13%
東伊豆町 伊豆稲取
13%
森町 遠州森
13%
名古屋市昭和区 八事
13%
名古屋市南区 笠寺
13%
名古屋市守山区 新守山
13%
名古屋市緑区 徳重
13%
北名古屋市 西春
13%
東栄町 東栄
13%
鈴鹿市 白子
13%
東員町 東員
13%
川越町 川越富洲原
13%
明和町 斎宮
13%
大台町 三瀬谷
13%
甲賀市 貴生川
13%
湖南市 甲西
13%
東近江市 能登川
13%
愛荘町 愛知川
13%
豊郷町 豊郷
13%
京都市北区 北大路
13%
京都市左京区 出町柳
13%
京都市東山区 祇園四条
13%
京都市南区 西大路
13%
大阪市西区 本町
13%
大阪市阿倍野区 大阪阿部野橋
13%
堺市堺区 三国ヶ丘
13%
堺市西区
13%
岸和田市 東岸和田
13%
豊中市 千里中央
13%
大東市 住道
13%
泉南市 和泉砂川
13%
交野市 河内磐船
13%
忠岡町 忠岡
13%
岬町 みさき公園
13%
西脇市 西脇市
13%
小野市 粟生
13%
養父市 八鹿
13%
香芝市 五位堂
13%
葛城市 尺土
13%
高取町 壺阪山
13%
大淀町 下市口
13%
有田川町 藤並
13%
由良町 紀伊由良
13%
大山町 大山口
13%
日野町 根雨
13%
赤磐市 熊山
13%
矢掛町 矢掛
13%
広島市西区 横川
13%
広島市佐伯区 五日市
13%
吉野川市 鴨島
13%
東かがわ市 三本松
13%
綾川町 綾川
13%
伊予市 伊予市
13%
四国中央市 伊予三島
13%
内子町 内子
13%
高知市 高知
13%
南国市 後免
13%
須崎市 須崎
13%
宿毛市 宿毛
13%
四万十市 中村
13%
奈半利町 奈半利
13%
四万十町 窪川
13%
北九州市戸畑区 戸畑
13%
別府市 | 福岡市城南区 別府
13%
飯塚市 新飯塚
13%
田川市 田川後藤寺
13%
宗像市 赤間
13%
太宰府市 太宰府
13%
うきは市 筑後吉井
13%
糸島市 筑前前原
13%
宇美町 宇美
13%
篠栗町 篠栗
13%
新宮町 新宮中央
13%
水巻町 水巻
13%
福智町 金田
13%
佐賀市 佐賀
13%
唐津市 唐津
13%
鳥栖市 鳥栖
13%
武雄市 武雄温泉
13%
鹿島市 肥前鹿島
13%
嬉野市 嬉野温泉
13%
神埼市 神埼
13%
吉野ヶ里町 吉野ケ里公園
13%
有田町 有田
13%
江北町 江北
13%
長崎市 長崎
13%
佐世保市 佐世保
13%
島原市 島原
13%
荒尾市 荒尾
13%
水俣市 新水俣
13%
玉名市 玉名
13%
宇土市 宇土
13%
大津町 肥後大津
13%
南阿蘇村 立野
13%
日田市 日田
13%
臼杵市 臼杵
13%
津久見市 津久見
13%
杵築市 杵築
13%
由布市 由布院
13%
玖珠町 豊後森
13%
小林市 小林
13%
鹿児島市 鹿児島中央
13%
出水市 出水
13%
札幌市豊平区 福住
9%
住田町 上有住
9%
男鹿市 船越
9%
戸沢村 古口
9%
西会津町 野沢
9%
湯川村 笈川
9%
会津美里町 会津高田
9%
甘楽町 上州福島
9%
横浜市南区 弘明寺
9%
新潟市東区 越後石山
9%
西桂町 三つ峠
9%
南牧村 佐久海ノ口
9%
飯島町 飯島
9%
大桑村 野尻
9%
神戸町 広神戸
9%
七宗町 上麻生
9%
小山町 足柄
9%
川根本町 千頭
9%
名古屋市北区 上飯田
9%
名古屋市瑞穂区 新瑞橋
9%
知多市 朝倉
9%
みよし市 三好ケ丘
9%
あま市 甚目寺
9%
扶桑町 柏森
9%
甲良町 尼子
9%
城陽市 寺田
9%
京丹後市 峰山
9%
井手町 玉水
9%
大阪市鶴見区 放出
9%
大阪市平野区 平野
9%
堺市東区 北野田
9%
摂津市 千里丘
9%
高石市 羽衣
9%
四條畷市 忍ケ丘
9%
大阪狭山市 金剛
9%
神戸市灘区 六甲道
9%
神戸市北区 谷上
9%
朝来市 和田山
9%
加東市 社町
9%
香美町 香住
9%
三宅町 石見
9%
広陵町 箸尾
9%
北栄町 由良
9%
日南町 生山
9%
岡山市中区 東岡山
9%
浅口市 鴨方
9%
早島町 早島
9%
西粟倉村 あわくら温泉
9%
広島市中区 新白島
9%
広島市安佐北区 可部
9%
広島市安芸区 矢野
9%
府中町 向洋
9%
美馬市 穴吹
9%
石井町 石井
9%
美波町 日和佐
9%
藍住町 勝瑞
9%
さぬき市 志度
9%
三豊市 詫間
9%
西予市 卯之町
9%
東温市 横河原
9%
香美市 土佐山田
9%
安田町 安田
9%
いの町 伊野
9%
佐川町 佐川
9%
柳川市 西鉄柳川
9%
豊前市 宇島
9%
小郡市 西鉄小郡
9%
朝倉市 甘木
9%
須恵町 須恵中央
9%
遠賀町 遠賀川
9%
添田町 添田
9%
糸田町 糸田
9%
苅田町 苅田
9%
吉富町 吉富
9%
伊万里市 伊万里
9%
小城市 小城
9%
基山町 基山
9%
太良町 太良
9%
松浦市 松浦
9%
東彼杵町 彼杵
9%
川棚町 川棚
9%
熊本市中央区 新水前寺
9%
人吉市 人吉温泉
9%
宇城市 松橋
9%
阿蘇市 宮地
9%
合志市 御代志
9%
長洲町 長洲
9%
津奈木町 津奈木
9%
湯前町 湯前
9%
豊後大野市 三重町
9%
都城市 都城
9%
延岡市 延岡
9%
日向市 日向市
9%
高鍋町 高鍋
9%
都農町 都農
9%
阿久根市 阿久根
9%
指宿市 指宿
9%
日置市 伊集院
9%
志布志市 志布志
9%
那覇市 那覇空港
9%
浦添市 てだこ浦西
9%
札幌市東区 元町
4%
釧路町 遠矢
4%
平内町 小湊
4%
仙台市若林区 薬師堂
4%
玉川村 泉郷
4%
毛呂山町 川角
4%
東庄町 下総橘
4%
鋸南町 安房勝山
4%
大井町 相模金子
4%
関川村 越後下関
4%
南砺市 福野
4%
中能登町 能登部
4%
駒ヶ根市 小町屋
4%
佐久穂町 海瀬
4%
南箕輪村 北殿
4%
松川町 伊那大島
4%
高森町 市田
4%
天龍村 平岡
4%
木祖村 藪原
4%
関市 関口
4%
本巣市 北方真桑
4%
海津市 駒野
4%
池田町 池野
4%
長泉町 下土狩
4%
美浜町 知多奥田
4%
いなべ市 楚原
4%
玉城町 田丸
4%
大紀町 伊勢柏崎
4%
京都市上京区 今出川
4%
京都市右京区 西院
4%
京丹波町 和知
4%
大阪市西成区 天下茶屋
4%
富田林市 喜志
4%
阪南市 尾崎
4%
神戸市須磨区 板宿
4%
神戸市西区 西神中央
4%
川西町 結崎
4%
河合町 大輪田
4%
かつらぎ町 笠田
4%
日高町 紀伊内原
4%
日高川町 和佐
4%
湯梨浜町 松崎
4%
伯耆町 岸本
4%
江府町 江尾
4%
岡山市南区 妹尾
4%
真庭市 中国勝山
4%
美作市 林野
4%
美咲町 亀甲
4%
阿武町 奈古
4%
つるぎ町 貞光
4%
鬼北町 近永
4%
芸西村 和食
4%
大豊町 大杉
4%
中土佐町 土佐久礼
4%
黒潮町 土佐入野
4%
福岡市南区 大橋
4%
筑後市 羽犬塚
4%
春日市 春日原
4%
みやま市 瀬高
4%
岡垣町 海老津
4%
鞍手町 鞍手
4%
大刀洗町 西太刀洗
4%
大木町 八丁牟田
4%
川崎町 豊前川崎
4%
多久市 中多久
4%
白石町 肥前白石
4%
長与町 長与
4%
熊本市南区 西熊本
4%
熊本市北区 光の森
4%
菊陽町 原水
4%
多良木町 多良木
4%
あさぎり町 あさぎり
4%
宇佐市 柳ケ浦
4%
日南市 飫肥
4%
えびの市 えびの飯野
4%
高原町 高原
4%
新富町 日向新富
4%
川南町 川南
4%
門川町 門川
4%
姶良市 加治木
4%
八峰町 沢目
0%
美郷町 飯詰
0%
中山町 羽前長崎
0%
川西町 羽前小松
0%
飯豊町 羽前椿
0%
三島町 会津宮下
0%
益子町 七井
0%
野田市 川間
0%
南房総市 南三原
0%
永平寺町 観音町
0%
若狭町 気山
0%
昭和町 常永
0%
辰野町 宮木
0%
中川村 伊那田島
0%
泰阜村 温田
0%
養老町 烏江
0%
川辺町 中川辺
0%
名古屋市港区 東海通
0%
名古屋市天白区 塩釜口
0%
愛西市 藤浪
0%
御浜町 阿田和
0%
大阪市西淀川区 御幣島
0%
大阪市東淀川区 上新庄
0%
大阪市東成区 緑橋
0%
大阪市生野区 北巽
0%
大阪市旭区 千林大宮
0%
大阪市城東区 鴫野
0%
大阪市東住吉区 駒川中野
0%
堺市中区 深井
0%
堺市南区 泉ケ丘
0%
豊能町 光風台
0%
三木市 志染
0%
高砂市 宝殿
0%
播磨町 土山
0%
市川町 甘地
0%
神河町 新野
0%
備前市 西片上
0%
瀬戸内市 邑久
0%
勝央町 勝間田
0%
久米南町 弓削
0%
広島市東区 不動院前
0%
安芸高田市 向原
0%
世羅町 備後三川
0%
東みよし町 阿波加茂
0%
三木町 学園通り
0%
まんのう町 羽間
0%
松前町 古泉
0%
松野町 松丸
0%
香南市 のいち
0%
日高村 日下
0%
北九州市若松区 二島
0%
北九州市小倉南区 下曽根
0%
嘉麻市 下鴨生
0%
粕屋町 柚須
0%
筑前町 太刀洗
0%
香春町 一本松
0%
赤村 油須原
0%
みやこ町 犀川
0%
築上町 椎田
0%
みやき町 中原
0%
平戸市 西田平
0%
雲仙市 愛野
0%
熊本市東区 健軍町
0%
玉東町 木葉
0%
芦北町 佐敷
0%
錦町 肥後西村
0%
相良村 川村
0%
球磨村 一勝地
0%
日出町 暘谷
0%
九重町 豊後中村
0%
串間市 串間
0%
三股町 三股
0%
枕崎市 薩摩板敷
0%
曽於市 財部
0%
いちき串木野市 神村学園前
0%
南九州市 西頴娃
0%
湧水町 栗野
0%
No matching quizzes found
Score Distribution
Percent of People with Each Score
Percentile by Number Answered
Your Score History
You have not taken this quiz since the last reset